00594nam a2200193 a 4500003000400000005001700004008002700021020001700048040002600065082002700091100002900118100002500147245003300172260005800205300004200263500000600305600002700311650006200338OSt20240216094540.0100811s2018 xx 000 0 spa d a978025633754 aDO-SdBNPbspacBPMSU  4a923.173bO12b 20182221 aObama, Michelle, d1964-z aGómez, Carlos Nina10aBecoming /c Michelle Obama  aEstados Unidos :bThe United States of America,c2018 axvi, 675v p. :bil., fots. ; c23 cm. a 14aObama, Michelled1964- 4aEsposas de presidentes vBiografías zEstados Unidosy